000 00993nam a2200265Ia 4500
003 OSt
005 20221005113010.0
006 a|||||r|||| 00| 0
007 ta
008 221004b |||||||| |||| 00| 0 pan d
020 _a9788171166718 (hbk)
_cINR 375.00
024 _a38710
037 _b235, 17/03/2018, National Book Shop
_cTextual
040 _aCRL
_cCRL
_bpan
041 _2pan
_apan
082 _aO153,3NBA2:g, Q6
100 _aਨਰੇF ਕੁਮਾਰ, ਂਚ.
_9160266
245 0 _aਬਲਦੇਵ ਸਿੰਘ ਸੜਕਨਾਮਾ
_b ਪ੍ਰਵਚਨ ਦੇ ਪ੍ਰਸੰਗ
260 _aਦਿੱਲੀ
_bਨੈFਨਲ ਬੁਕ Fਾਪ ਲ਼ਭਾਰਤ
_c2016
300 _a191ਪ0
_ccm.
650 _a ਪੰਜਾਬੀ ਕਹਾਣੀ
650 _aਪੰਜਾਾਬੀ ਸਾਹਿਤ
942 _hO153,3NBA2:g, Q6
_cTEXL
_2cc
999 _c1026696
_d1026696